000 00201nam a22000857a 4500
008 170203b xxu||||| |||| 00| 0 eng d
100 _92748
_aGeeta
245 _aLanguage of Art
260 _aDelhi
_bGeeta
_c2008
999 _c5932
_d5932